Biblioteca

Las luchas feministas por los derechos de las mujeres : (Registro nro. 49922)

Detalles MARC
000 -LÍDER
Campo fijo de descripción fija 01067aab a2200193 i 4500
001 - NÚMERO DE CONTROL
Campo de control 768714001
003 - IDENTIFICADOR DEL NÚMERO DE CONTROL
Campo de control CO-MdFUSB
005 - FECHA Y HORA DE LA ULTIMA TRANSACCIÓN
control field 20221104150547.0
008 - ELEMENTOS DE LONGITUD FIJA -- INFORMACIÓN GENERAL
Campo fijo de descripción fija -- Información general 221104s2002 sp ||||| |||| 00| 0 spa d
040 ## - FUENTE DE CATALOGACIÓN
Idioma de catalogación spa
Agencia que realiza la transcripción CO-MdFUSB
Agencia que realiza la modificación CO-MdFUSB
041 ## - CÓDIGO DE IDIOMA
Código de idioma para texto/pista de sonido o título separado spa
100 1# - ASIENTO PRINCIPAL--NOMBRE PERSONAL
Nombre personal Vargas, Virginia
Término relacionador autor
245 14 - TÍTULO
Título Las luchas feministas por los derechos de las mujeres :
Subtitulo hacia una nueva agenda global
Mención de responsabilidad / Virginia Vargas
300 ## - DESCRIPCIÓN FÍSICA
Extensión Número 298 (2002), Páginas 47 - 58
Dimensiones ; 21 cm
520 ## - NOTA DE RESUMEN, ETC.
Nota de sumario, etc. Los dramáticos cambios que hemos vivido en el ultimo cuarto de siglo hacen afirmar que no estamos frente a una época de cambios, sino frente a un cambio de época. La globalización, es que está a la base y es el impulso de estos cambios, es un proceso ambivalente y contradictorio que ha generado nuevos riesgos, nuevas dinámicas de exclusión-inclusión y un nuevo terreno-el global- para el surgimiento de nuestros derechos.
653 ## - TÉRMINO DE INDIZACIÓN - NO CONTROLADO
Término no controlado Derechos de las mujeres
773 0# - ASIENTO DE ITEM FUENTE
Título Concilium
Biblionumber 49450
Itemnumber 60415
Parte(s) relacionada(s) / Volumen., número. (mes año), páginas Número 298 (2002), Páginas 47 - 58
Enumeración y primera página Páginas 47
942 ## - TIPO DE MATERIAL (KOHA)
Tipo de Item KOHA Artículos de Revista

No hay ítems disponibles.

Biblioteca FUSBC | Teléfono: (57+4) 349 88 10 Ext. 141| WhatsApp (+57) 3005338115 
E-mail: biblioteca@unisbc.edu.co | Calle 76 87-14 Robledo Palenque, Medellín, Colombia

Con tecnología Koha